|
|
|
|
| LEADER |
00000cam a2200000 7i4500 |
| 001 |
0000005609 |
| 005 |
20220105104012.0 |
| 008 |
070808 |
| 020 |
|
|
|a 9679389553
|
| 090 |
0 |
0 |
|a JP
|b MTH ENG (7044)
|
| 100 |
1 |
|
|a Baker,Rann
|
| 245 |
1 |
0 |
|a Learn about addition
|c Rann,Baker
|
| 260 |
|
|
|a Selangor :
|b Sama Publications ,
|c 2004
|
| 440 |
|
0 |
|a Mathematics for children series vol.1
|
| 500 |
|
|
|a Children age 4-6 years old (yellow)
|
| 650 |
|
0 |
|a Junior preschool
|x English
|x Languages
|
| 650 |
|
0 |
|a Mathematics
|
| 999 |
|
|
|a 0000013392
|b Book
|c Children Collection
|e Cawangan Taman Universiti
|
| 999 |
|
|
|a 0000013393
|b Book
|c Children Collection
|e Cawangan Taman Universiti
|
| 999 |
|
|
|a 0000920760
|b Book
|c Children Collection
|e Cawangan Bukit Gambir
|
| 999 |
|
|
|a 0000931821
|b Book
|c Children Collection
|e Cawangan Tangkak
|
| 999 |
|
|
|a 0000931822
|b Book
|c Children Collection
|e Cawangan Tangkak
|
| 999 |
|
|
|a 0000931823
|b Book
|c Children Collection
|e Cawangan Tangkak
|
| 999 |
|
|
|a 0000951298
|b Book
|c Children Collection
|e Cawangan Tmn. Ungku Tun Aminah
|
| 999 |
|
|
|a 0000980571
|b Book
|c Children Collection
|e Perbadanan Perpustakaan Awam Johor
|
| 999 |
|
|
|a 0000980572
|b Book
|c Children Collection
|e Perbadanan Perpustakaan Awam Johor
|
| 999 |
|
|
|a 0000980573
|b Book
|c Children Collection
|e Perbadanan Perpustakaan Awam Johor
|
| 999 |
|
|
|a 0000980574
|b Book
|c Children Collection
|e Perbadanan Perpustakaan Awam Johor
|
| 999 |
|
|
|a 0000980575
|b Book
|c Children Collection
|e Perbadanan Perpustakaan Awam Johor
|